000 00709nam a2200241 i 4500
001 130352
003 ES-MaACL
005 20230906193721.0
007 t|
008 070726s1985 sp ||||1| spa d
020 _a84-505-1561-0
080 _a86-14"19"
100 1 _aZambrano, José Antonio.
_9117913
245 1 0 _aPavana para una voz y musas /
_cJosé Antonio Zambrano.
250 _a[1ª ed.].
260 _a[Mérida] :
_bEditora Regional de Extremadura,
_c[1985]
300 _a55 p. ;
_c21 cm.
490 1 _aColección Poesía ;
_v6
830 0 _aColección Poesía ;
_v6
_9178068
852 _aES-MaACL
_j2137-F-3
_bR.108741
852 _aES-MaACL
_jL-9130
_bR.108732
999 _c130352
_d130352